Complement d'una repoblació per sembra / Comissió de Repoblació Forestal de la Mancomunitat de Catalunya
Descripción Física:
6 p. : il. ; 22 cm
Materias:
Repoblació forestal -- Catalunya
MARC
| LEADER | 00000nam a2200000Ia 4500 | ||
|---|---|---|---|
| 001 | 7995 | ||
| 008 | 160829s1922 xx 000 0 cat d | ||
| 080 | |a RF-5-48 | ||
| 100 | |a Catalunya. Comissió de Repoblació Forestal |9 27615 | ||
| 245 | |a Complement d'una repoblació per sembra / Comissió de Repoblació Forestal de la Mancomunitat de Catalunya | ||
| 260 | |a Barcelona : |b (Imp. de la Casa de Caritat), |c 1922 | ||
| 300 | |a 6 p. : |b il. ; |c 22 cm | ||
| 590 | |a Hi ha un duplicat: DUP-21-32 | ||
| 650 | |a Repoblació forestal |x Catalunya |9 29691 | ||
| 710 | 2 | |a Catalunya. |b Mancomunitat |9 53015 | |
| 856 | 4 | |u https://media.diba.cat/diba/fitxers/arxiu/fulletons/bib_7995_1922_baixa.pdf |y Accés lliure | |
| 856 | 4 | |u https://media.diba.cat/diba/fitxers/arxiu/fulletons/bib_7995_1922_baixa.pdf |y Accés lliure | |
| 901 | |a Arxiu | ||
| 942 | |n 1 |2 udc | ||
| 952 | |0 0 |1 0 |4 0 |6 RF548 |7 1 |9 44520 |a Arxiu |b Arxiu |d 2016-12-01 |l 0 |o RF-5-48 |p 7995 |r 2016-12-01 00:00:00 |w 2016-12-01 |y ARXIU | ||
| 999 | |c 47101 |d 47101 | ||
| 900 | |a bib_7995_1922_baixa.pdf | ||